| 000 | 00721nam a22001457a 4500 | ||
|---|---|---|---|
| 003 | OSt | ||
| 005 | 20150921161718.0 | ||
| 008 | 150921b xxu||||| |||| 00| 0 eng d | ||
| 040 | _cAGR | ||
| 082 | _aAGR SAN 2009 B039 2009 | ||
| 100 |
_91035 _aSAN, SOVANNARATH |
||
| 245 | _aEffect of different organic fertilizers on chinese chives in crop station of royal university of agriculture ឥទ្ធិពលនៃប្រភេទជីធម្មជាតិទៅលើដំណាំគូឆាយស្លឹកនៅស្ថានីយ៍ពិសោធន៍ដំណាំនៃសាកលវិទ្យាល័យភូមិន្ទកសិកម្ម | ||
| 260 |
_aPhnom penh _bAGR _c2009 |
||
| 942 |
_2ddc _cAGR |
||
| 999 |
_c994 _d994 |
||